Just how worthwhile is masterplanning? (Record no. 118059)
[ view plain ]
| 000 -LEADER | |
|---|---|
| fixed length control field | 01552cam a2200265 4500 |
| 001 - CONTROL NUMBER | |
| control field | ABS68264 |
| 008 - FIXED-LENGTH DATA ELEMENTS--GENERAL INFORMATION | |
| fixed length control field | 040927n2004 000 0 eng u |
| 035 ## - SYSTEM CONTROL NUMBER | |
| System control number | (Sirsi) u127531 |
| 100 ## - MAIN ENTRY--PERSONAL NAME | |
| Personal name | Blackman, D. |
| 245 ## - TITLE STATEMENT | |
| Title | Just how worthwhile is masterplanning? |
| 260 ## - PUBLICATION, DISTRIBUTION, ETC. | |
| Date of publication, distribution, etc. | 2004 |
| 490 ## - SERIES STATEMENT | |
| Series statement | Axis |
| Volume/sequential designation | 58(4) September/October 2004, 10-11(2) |
| 520 ## - SUMMARY, ETC. | |
| Summary, etc. | Questions whether masterplanning, which is becoming an integral part of the development process, is a good investment or a waste of public money. Describes the types of masterplan and marshals a range of arguments pro and contra. High quality development is possible without a masterplan as at Paddington Basin in London but there are many places where sensitive masterplanning could have produced a much better quality of development. Notes that there have been big beneficiaries of the masterplanning boom but also that design led masterplans, which have the advantage of generating publicity, are often flawed when it comes to implementation. Successful masterplanning relies on a mathematical and analytical approach to the way settlements work and brings together a vast range of skills from urban design to economic analysis. Warns that ODPM officials are concerned about the number of masterplans not yet implemented. |
| 590 ## - LOCAL NOTE (RLIN) | |
| Local note | ABS |
| 590 ## - LOCAL NOTE (RLIN) | |
| Local note | ABS |
| 650 ## - SUBJECT ADDED ENTRY--TOPICAL TERM | |
| Topical term or geographic name entry element | PADDINGTON BASIN |
| 650 ## - SUBJECT ADDED ENTRY--TOPICAL TERM | |
| Topical term or geographic name entry element | BARNSLEY |
| 650 ## - SUBJECT ADDED ENTRY--TOPICAL TERM | |
| Topical term or geographic name entry element | MIDDLESBROUGH |
| 650 ## - SUBJECT ADDED ENTRY--TOPICAL TERM | |
| Topical term or geographic name entry element | GRAVESEND |
| 650 ## - SUBJECT ADDED ENTRY--TOPICAL TERM | |
| Topical term or geographic name entry element | KINGS CROSS |
| 650 ## - SUBJECT ADDED ENTRY--TOPICAL TERM | |
| Topical term or geographic name entry element | URBAN DESIGN |
| 650 ## - SUBJECT ADDED ENTRY--TOPICAL TERM | |
| Topical term or geographic name entry element | MASTERPLANS |
| 690 ## - LOCAL SUBJECT ADDED ENTRY--TOPICAL TERM (OCLC, RLIN) | |
| Topical term or geographic name as entry element | PLANNING |
| 942 ## - ADDED ENTRY ELEMENTS (KOHA) | |
| Suppress in OPAC | 0 |
| Withdrawn status | Lost status | Source of classification or shelving scheme | Damaged status | Not for loan | Home library | Current library | Shelving location | Date acquired | Total Checkouts | Full call number | Barcode | Date last seen | Copy number | Price effective from | Koha item type |
|---|---|---|---|---|---|---|---|---|---|---|---|---|---|---|---|
| Dewey Decimal Classification | London | London | Journal article | 27/09/2004 | ABS68264 | 127531-1001 | 06/08/2019 | 1 | 06/08/2019 | Journal article |